[Event "BL 1617 USV TU Dresden - OSG Baden Bade"]
[Site "?"]
[Date "2016.11.20"]
[Round "4.2"]
[White "Almasi, Zoltan"]
[Black "Wojtaszek, Radoslaw"]
[Result "1/2-1/2"]
[WhiteElo "2702"]
[BlackElo "2744"]
[PlyCount "143"]
[EventDate "2016.??.??"]

1. Nf3 d5 2. g3 c6 3. Bg2 Bg4 4. O-O Nd7 5. d3 Ngf6 6. Nbd2 e5 7. h3 Bh5 8. Qe1
Bc5 9. e4 O-O 10. Nb3 Bb6 11. Nh4 Re8 12. a4 a5 13. Bg5 dxe4 14. dxe4 Nc5 15.
Nxc5 Bxc5 16. Nf5 h6 17. Be3 Bb4 18. Qb1 Be2 19. Rc1 Bd2 20. Bxd2 Qxd2 21. Re1
Rad8 22. Ne3 Nd7 23. Qc1 Nc5 24. b3 Qxc1 25. Raxc1 Rd2 26. Bf1 Bxf1 27. Nxf1
Rd4 28. f3 b5 29. axb5 cxb5 30. Ra1 a4 31. bxa4 bxa4 32. Ra3 Ne6 33. Rea1 Rc8
34. Rxa4 Rxc2 35. R4a2 Rc3 36. Ra3 Rdd3 37. Rxc3 Rxc3 38. Nd2 Nd4 39. Kf2 Rd3
40. Ra8+ Kh7 41. Ra2 g5 42. Kg2 h5 43. h4 Kg6 44. Kf2 f6 45. Rb2 Ra3 46. Rb8
Ra2 47. Ke3 gxh4 48. gxh4 Ne6 49. Rb6 Nf4 50. Rd6 Kg7 51. Rd7+ Kf8 52. Rh7 Ng2+
53. Ke2 Kg8 54. Rd7 Nxh4 55. Kf2 Ng6 56. Kg3 Nf4 57. Nc4 Rg2+ 58. Kh4 Rh2+ 59.
Kg3 Rh3+ 60. Kf2 h4 61. Ne3 Rh2+ 62. Kg1 Re2 63. Ng4 Nh5 64. Nh6+ Kf8 65. Rd8+
Ke7 66. Rh8 Ng3 67. Nf5+ Nxf5 68. exf5 Rd2 69. Rxh4 Rd4 70. Rh7+ Kf8 71. Kf2
Rf4 72. Ke3 1/2-1/2

[Event "BL 1617 USV TU Dresden - OSG Baden Bade"]
[Site "?"]
[Date "2016.11.20"]
[Round "4.3"]
[White "Adams, Michael"]
[Black "Nisipeanu, Liviu-Dieter"]
[Result "1/2-1/2"]
[WhiteElo "2744"]
[BlackElo "2675"]
[PlyCount "41"]
[EventDate "2016.??.??"]

1. e4 e6 2. d4 d5 3. Nd2 c5 4. exd5 Qxd5 5. dxc5 Nf6 6. Ngf3 Qxc5 7. Bd3 Nbd7
8. O-O Be7 9. a4 Qc7 10. Nb3 O-O 11. a5 Ne5 12. Nxe5 Qxe5 13. Re1 Qc7 14. Bg5
Bd7 15. Nd4 Rad8 16. Qf3 Nd5 17. Bxe7 Nxe7 18. Qg3 Qxg3 19. hxg3 Nc6 20. Nxc6
Bxc6 21. Re5 1/2-1/2

[Event "BL 1617 USV TU Dresden - OSG Baden Bade"]
[Site "?"]
[Date "2016.11.20"]
[Round "4.4"]
[White "Bartel, Mateusz"]
[Black "Vallejo Pons, Francisco"]
[Result "1/2-1/2"]
[WhiteElo "2646"]
[BlackElo "2716"]
[PlyCount "107"]
[EventDate "2016.??.??"]

1. e4 e6 2. d4 d5 3. Nc3 Bb4 4. e5 Ne7 5. a3 Bxc3+ 6. bxc3 c5 7. h4 Qc7 8. h5
h6 9. Bd2 Nf5 10. Qg4 Nc6 11. Nf3 O-O 12. Bd3 cxd4 13. O-O Nxe5 14. Nxe5 Qxe5
15. Rfe1 Qf6 16. cxd4 Nxd4 17. Qg3 Nc6 18. f4 b6 19. Bc3 d4 20. Bd2 Bb7 21. Qf3
Na5 22. Qf2 Bd5 23. Bxa5 bxa5 24. Re5 Rfd8 25. Rae1 Rab8 26. f5 Rb6 27. g3 Rdb8
28. Qxd4 Rb1 29. Qf4 Qe7 30. c4 Qc5+ 31. Qf2 Rxe1+ 32. Rxe1 Qxf2+ 33. Kxf2 Rb2+
34. Ke3 Bc6 35. Kd4 exf5 36. Re7 Rd2 37. Ke3 Rg2 38. Kf4 Rf2+ 39. Ke5 Be4 40.
Bxe4 fxe4 41. Re8+ Kh7 42. c5 e3 43. Kd5 Rd2+ 44. Kc6 Rd3 45. a4 g5 46. hxg6+
Kxg6 47. Kb7 Rb3+ 48. Kxa7 Rc3 49. Kb6 f5 50. c6 Kf7 51. Re5 Kf6 52. Re8 Kf7
53. Re5 Kf6 54. Re8 1/2-1/2

[Event "BL 1617 USV TU Dresden - OSG Baden Bade"]
[Site "?"]
[Date "2016.11.20"]
[Round "4.5"]
[White "Kasimdzhanov, Rustam"]
[Black "Gajewski, Grzegorz"]
[Result "1-0"]
[WhiteElo "2691"]
[BlackElo "2612"]
[PlyCount "83"]
[EventDate "2016.??.??"]

1. e4 c5 2. Nf3 d6 3. d4 cxd4 4. Nxd4 Nf6 5. Nc3 a6 6. Bg5 Nbd7 7. Qe2 h6 8.
Bh4 g5 9. Bg3 Ne5 10. O-O-O Bd7 11. h4 Rg8 12. hxg5 hxg5 13. Kb1 Rc8 14. Qe3 b5
15. f3 e6 16. a3 Qb6 17. Bf2 Qb7 18. Nb3 Be7 19. Qe1 Qc7 20. Rh6 Kf8 21. Qd2
Be8 22. Bd4 Nfd7 23. Be2 Nb6 24. Rdh1 Nbc4 25. Qd1 a5 26. Na2 b4 27. axb4 axb4
28. Nxb4 Ra8 29. Bc3 Na3+ 30. Kc1 Nb5 31. Bxb5 Bxb5 32. Qd4 Ra4 33. Kb1 Ke8 34.
Rh8 Rxh8 35. Rxh8+ Kd7 36. Qd1 Bf6 37. Rh6 Ke7 38. Nd4 Qa7 39. b3 Qc5 40. Nxb5
Rxb4 41. Bxb4 Qxb4 42. Qxd6+ 1-0

[Event "BL 1617 USV TU Dresden - OSG Baden Bade"]
[Site "?"]
[Date "2016.11.20"]
[Round "4.6"]
[White "Socko, Bartosz"]
[Black "Bacrot, Etienne"]
[Result "1-0"]
[WhiteElo "2605"]
[BlackElo "2691"]
[PlyCount "59"]
[EventDate "2016.??.??"]

1. e4 e5 2. Nf3 Nc6 3. d4 exd4 4. Bc4 Nf6 5. e5 Ng4 6. O-O Be7 7. Bf4 d6 8.
exd6 cxd6 9. Nxd4 O-O 10. Nc3 Nce5 11. Bb3 Ng6 12. Bg3 Bh4 13. Bxh4 Qxh4 14.
Nf3 Qf6 15. Nd5 Qxb2 16. a4 N4e5 17. c3 Nxf3+ 18. gxf3 Bh3 19. Ra2 Qxa2 20.
Bxa2 Bxf1 21. Kxf1 Rae8 22. Qd4 Ne5 23. Qxa7 Nxf3 24. Qxb7 Re1+ 25. Kg2 Nh4+
26. Kh3 g5 27. Qb6 Rg1 28. f4 Nf3 29. Nf6+ Kg7 30. Bd5 1-0

[Event "BL 1617 USV TU Dresden - OSG Baden Bade"]
[Site "?"]
[Date "2016.11.20"]
[Round "4.7"]
[White "Shirov, Alexei"]
[Black "Maiwald, Jens-Uwe"]
[Result "1-0"]
[WhiteElo "2677"]
[BlackElo "2448"]
[PlyCount "53"]
[EventDate "2016.??.??"]

1. e4 e6 2. d4 d5 3. Nc3 Nf6 4. e5 Nfd7 5. f4 c5 6. Nf3 Nc6 7. Be3 Be7 8. a3 b6
9. Bd3 O-O 10. O-O f5 11. Nb5 Ba6 12. c4 Bxb5 13. cxb5 Na5 14. b4 Nb7 15. Ra2
Rf7 16. g4 fxg4 17. Ne1 Nf8 18. Qxg4 c4 19. Bb1 a5 20. bxa6 Rxa6 21. f5 exf5
22. Bxf5 b5 23. Raf2 Bh4 24. Bxh7+ Kxh7 25. Qh5+ Rh6 26. Bxh6 Bxf2+ 27. Rxf2
1-0

[Event "BL 1617 USV TU Dresden - OSG Baden Bade"]
[Site "?"]
[Date "2016.11.20"]
[Round "4.8"]
[White "Loxine, Jakov"]
[Black "Naiditsch, Arkadij"]
[Result "0-1"]
[WhiteElo "2409"]
[BlackElo "2686"]
[PlyCount "94"]
[EventDate "2016.??.??"]

1. Nf3 c5 2. e4 Nc6 3. Nc3 Nf6 4. Bb5 Qc7 5. Qe2 Nd4 6. Nxd4 cxd4 7. e5 dxc3 8.
exf6 cxd2+ 9. Bxd2 gxf6 10. O-O-O a6 11. Bc4 e6 12. Kb1 b5 13. Bd5 Bb7 14. Bf4
Qxf4 15. Bxb7 Ra7 16. Bf3 Bg7 17. Rhe1 f5 18. g3 Qc4 19. Qd2 Rc7 20. Be2 Qc5
21. f4 b4 22. h3 O-O 23. g4 Rfc8 24. Bd3 Bc3 25. Qg2 Bxe1 26. gxf5+ Kh8 27. Qg5
Qf8 28. Rxe1 Qg7 29. Qh4 exf5 30. Bxf5 Rc5 31. Bd3 R5c6 32. f5 a5 33. Qe4 Qf6
34. b3 d6 35. Qe7 Qxe7 36. Rxe7 Kg7 37. Ra7 Rc5 38. Ra6 R8c6 39. Ra8 d5 40. Re8
Rh6 41. Re3 Kf6 42. a3 Rh4 43. axb4 axb4 44. Rg3 Rc8 45. Kc1 Re8 46. Kd2 d4 47.
Rf3 Re3 0-1

[Event "BL 1617 SG Solingen - Hamburger SK"]
[Site "?"]
[Date "2016.11.20"]
[Round "4.1"]
[White "Svane, Rasmus"]
[Black "Harikrishna, Pentala"]
[Result "1-0"]
[WhiteElo "2546"]
[BlackElo "2768"]
[PlyCount "55"]
[EventDate "2016.??.??"]

1. d4 Nf6 2. c4 e6 3. g3 d5 4. Bg2 dxc4 5. Nf3 c6 6. Ne5 c5 7. Be3 Nd5 8. O-O
Nd7 9. Nc3 Nxe3 10. fxe3 Nxe5 11. dxe5 Bd7 12. Ne4 Qc7 13. Qd2 Bc6 14. Ng5 Bxg2
15. Kxg2 Be7 16. Nxf7 Qc6+ 17. Kg1 Rf8 18. Nd6+ Bxd6 19. exd6 Rxf1+ 20. Rxf1
O-O-O 21. Qc3 Qxd6 22. Qxg7 h5 23. Rf7 Qd5 24. Qf6 Qf5 25. Qe7 Rd1+ 26. Kg2
Qd5+ 27. Kf2 Qd7 28. Qf8+ 1-0

[Event "BL 1617 SG Solingen - Hamburger SK"]
[Site "?"]
[Date "2016.11.20"]
[Round "4.2"]
[White "Ragger, Markus"]
[Black "Huschenbeth, Niclas"]
[Result "1-0"]
[WhiteElo "2694"]
[BlackElo "2548"]
[PlyCount "153"]
[EventDate "2016.??.??"]

1. d4 Nf6 2. c4 e6 3. Nf3 b6 4. g3 Bb7 5. Bg2 Bb4+ 6. Bd2 c5 7. O-O O-O 8. Bxb4
cxb4 9. Nbd2 d6 10. Qb3 a5 11. a3 Na6 12. Rfd1 Re8 13. Qd3 e5 14. Nh4 e4 15.
Qe3 Ng4 16. Qf4 Nxf2 17. Qxf2 e3 18. Qf4 Bxg2 19. Nxg2 exd2 20. Ne3 Nc7 21. d5
b3 22. Rxd2 g6 23. Ng4 f5 24. Nf2 Na6 25. e4 Re5 26. exf5 Rxf5 27. Qe3 Qg5 28.
Qxg5 Rxg5 29. Ne4 Re5 30. Nxd6 Nc7 31. Rf1 Re7 32. Rdf2 a4 33. Nf7 Na6 34. g4
Kg7 35. Ng5 Nc5 36. Rf7+ Rxf7 37. Rxf7+ Kg8 38. Re7 h6 39. Ne6 Rc8 40. Nd4 Kf8
41. Re3 Re8 42. Kf2 Ne4+ 43. Ke1 Nd6 44. Ne6+ Kg8 45. Rc3 Ne4 46. Re3 Nd6 47.
Rc3 Ne4 48. Rd3 Nd6 49. Rd4 Kf7 50. Kd2 Kf6 51. Kd3 Rc8 52. Nf4 Kg5 53. Ng2 Re8
54. Rf4 h5 55. h4+ Kh6 56. Rf6 Ne4 57. g5+ Kg7 58. Rxb6 Nf2+ 59. Kc3 Nd1+ 60.
Kd4 Nxb2 61. Ne3 Rxe3 62. Rb7+ Kf8 63. Kxe3 Nxc4+ 64. Kd4 Nxa3 65. d6 Ke8 66.
Kd5 Nc2 67. Kc6 Nd4+ 68. Kc7 Ne6+ 69. Kc8 Nc5 70. Rb4 a3 71. Rxb3 Nxb3 72. d7+
Kf7 73. d8=Q a2 74. Qf6+ Ke8 75. Qxg6+ Kf8 76. Qf6+ Kg8 77. g6 1-0

[Event "BL 1617 SG Solingen - Hamburger SK"]
[Site "?"]
[Date "2016.11.20"]
[Round "4.3"]
[White "Hansen, Sune Berg"]
[Black "Van Kampen, Robin"]
[Result "1/2-1/2"]
[WhiteElo "2590"]
[BlackElo "2640"]
[PlyCount "90"]
[EventDate "2016.??.??"]

1. d4 Nf6 2. c4 g6 3. Nc3 Bg7 4. Nf3 O-O 5. Bg5 c5 6. d5 d6 7. e3 a6 8. Nd2 h6
9. Bh4 e6 10. a4 exd5 11. cxd5 Nbd7 12. Be2 Qe7 13. O-O Ne5 14. h3 g5 15. Bg3
Bf5 16. Kh1 Rae8 17. Ra3 Qd7 18. e4 Bg6 19. f4 gxf4 20. Bxf4 Nh7 21. Qe1 Qe7
22. Rb3 Rc8 23. Qg3 Rc7 24. Rb6 Rd7 25. Nf3 Re8 26. Nxe5 Bxe5 27. Bxe5 Qxe5 28.
Qxe5 Rxe5 29. Bg4 Rd8 30. Rxb7 Ng5 31. Bf5 Nxe4 32. Bxe4 Bxe4 33. Nxe4 Rxe4 34.
Rfxf7 Rxa4 35. Rg7+ Kh8 36. Rh7+ Kg8 37. Rbg7+ Kf8 38. Ra7 Kg8 39. Rxh6 Rd4 40.
Rh5 Rd2 41. Rxa6 Kg7 42. Ra7+ Kf6 43. Rah7 Rg8 44. g4 Ra8 45. R7h6+ Kg7 1/2-1/2

[Event "BL 1617 SG Solingen - Hamburger SK"]
[Site "?"]
[Date "2016.11.20"]
[Round "4.4"]
[White "Predojevic, Borki"]
[Black "Ernst, Sipke"]
[Result "1/2-1/2"]
[WhiteElo "2636"]
[BlackElo "2538"]
[PlyCount "46"]
[EventDate "2016.??.??"]

1. e4 e5 2. Nf3 Nc6 3. Bb5 a6 4. Ba4 Nf6 5. O-O Be7 6. d3 b5 7. Bb3 d6 8. a4
Bd7 9. Be3 O-O 10. h3 Na5 11. Ba2 bxa4 12. Nc3 c5 13. Bb1 Qe8 14. b3 Bd8 15.
Nxa4 Nh5 16. c3 Rb8 17. Nd2 Nf4 18. Nb2 Qe6 19. Nbc4 Nxc4 20. dxc4 Nxg2 21.
Kxg2 Qxh3+ 22. Kg1 Bg4 23. f3 Qg3+ 1/2-1/2

[Event "BL 1617 SG Solingen - Hamburger SK"]
[Site "?"]
[Date "2016.11.20"]
[Round "4.5"]
[White "Ftacnik, Lubomir"]
[Black "Smeets, Jan"]
[Result "0-1"]
[WhiteElo "2560"]
[BlackElo "2597"]
[PlyCount "94"]
[EventDate "2016.??.??"]

1. Nf3 d5 2. d4 Nf6 3. c4 c6 4. Nbd2 Bf5 5. Nh4 Be4 6. e3 e6 7. Be2 h6 8. O-O
Bh7 9. Nhf3 Nbd7 10. b3 Bd6 11. Bb2 O-O 12. g3 Ne4 13. Nxe4 Bxe4 14. Nd2 Bf5
15. Re1 Nf6 16. Bf3 Bb4 17. a3 Bxd2 18. Qxd2 Ne4 19. Qe2 Bh3 20. Bh1 f5 21. f3
Nf6 22. Rac1 h5 23. Bc3 h4 24. Bg2 Bxg2 25. Qxg2 hxg3 26. Qxg3 Nh5 27. Qe5 Rf6
28. Re2 Qb6 29. b4 Qa6 30. Bb2 dxc4 31. Rg2 Qb5 32. Rg5 Qxe5 33. dxe5 Rh6 34.
Rxc4 Rd8 35. Bd4 f4 36. e4 b5 37. Rxc6 Rxd4 38. Rd6 Rc4 39. Ra6 Rc1+ 40. Kg2
Rc2+ 41. Kg1 Rc1+ 42. Kg2 Rc7 43. Ra5 Kf7 44. Rxb5 Rh8 45. Ra5 Rc2+ 46. Kg1 Rd8
47. Rxa7+ Kg8 0-1

[Event "BL 1617 SG Solingen - Hamburger SK"]
[Site "?"]
[Date "2016.11.20"]
[Round "4.6"]
[White "Sandipan, Chanda"]
[Black "Lampert, Jonas"]
[Result "1/2-1/2"]
[WhiteElo "2593"]
[BlackElo "2500"]
[PlyCount "145"]
[EventDate "2016.??.??"]

1. d4 d5 2. Nf3 Nf6 3. Bf4 c5 4. e3 Nc6 5. Nbd2 cxd4 6. exd4 Bf5 7. c3 h6 8.
Qb3 Qc8 9. Ne5 e6 10. Nxc6 bxc6 11. Be2 Be7 12. O-O O-O 13. c4 c5 14. Rac1 Qa6
15. dxc5 Bxc5 16. Qg3 Bg6 17. a3 Rac8 18. Rfe1 dxc4 19. Rxc4 Qb7 20. Rec1 Bb6
21. Bf3 Nd5 22. Be5 Kh7 23. Be4 f5 24. Bf3 Qd7 25. Rxc8 Rxc8 26. Rxc8 Qxc8 27.
Bh5 Qc1+ 28. Nf1 Ne7 29. Bc3 Qc2 30. Bd1 Qe4 31. Bf3 Qc2 32. Bd1 Qe4 33. Qe5
Qxe5 34. Bxe5 Nc6 35. Bd6 Bf7 36. Ne3 g5 37. Nc4 Bd4 38. b4 e5 39. Be2 e4 40.
b5 Bxc4 41. Bxc4 Ne5 42. Be2 Kg6 43. a4 Kf6 44. a5 Ke6 45. Bf8 e3 46. fxe3
Bxe3+ 47. Kf1 g4 48. Bd1 Nd7 49. Bb3+ Ke5 50. Bg7+ Kd6 51. Ke2 Bg1 52. Bxh6
Bxh2 53. Be3 Nc5 54. Bc4 Be5 55. a6 f4 56. Bf2 Bc3 57. b6 Nxa6 58. bxa7 Nc7 59.
Kd3 Bb4 60. Bb6 Na8 61. Bd4 f3 62. g3 Be1 63. Ba6 Kc6 64. Bc8 Bxg3 65. Bxg4 f2
66. Ke2 Kb5 67. Bd7+ Ka5 68. Bc6 Nc7 69. Bg2 Kb5 70. Kf3 Bd6 71. Bxf2 Bc5 72.
Bg3 Bxa7 73. Bxc7 1/2-1/2

[Event "BL 1617 SG Solingen - Hamburger SK"]
[Site "?"]
[Date "2016.11.20"]
[Round "4.7"]
[White "Heinemann, Thies"]
[Black "Nikolic, Predrag"]
[Result "0-1"]
[WhiteElo "2466"]
[BlackElo "2612"]
[PlyCount "96"]
[EventDate "2016.??.??"]

1. e4 d6 2. d4 Nf6 3. Nc3 g6 4. Be3 c6 5. f3 Bg7 6. Qd2 b5 7. Nd1 Bb7 8. a4 a6
9. Bd3 Nbd7 10. Ne2 O-O 11. O-O e5 12. c3 d5 13. Nf2 Re8 14. Rfd1 Qc7 15. axb5
cxb5 16. Ng3 h5 17. exd5 Nxd5 18. Bh6 Bf6 19. Rac1 Qb6 20. Bb1 exd4 21. cxd4
Rac8 22. Nge4 Bh8 23. Nc3 Nf8 24. Be4 Rcd8 25. Ne2 Ne6 26. Ra1 Kh7 27. Nh3 Rd7
28. Ng5+ Nxg5 29. Bxg5 Nc7 30. Bxb7 Qxb7 31. Bh4 Bg7 32. Bf2 Bh6 33. Qd3 Ne6
34. Qa3 Bg7 35. Kf1 Nc7 36. h4 Qd5 37. Qa2 Qd6 38. Bg3 Qf6 39. Rd2 Bh6 40. Rd3
Nd5 41. Qa5 Qf5 42. Rad1 Ne3+ 43. Rxe3 Rxe3 44. Qxa6 Rxe2 45. Kxe2 Qc2+ 46. Ke1
Re7+ 47. Be5 Be3 48. Qf6 Qf2# 0-1

[Event "BL 1617 SG Solingen - Hamburger SK"]
[Site "?"]
[Date "2016.11.20"]
[Round "4.8"]
[White "Andersen, Mads"]
[Black "Sebastian, Dirk"]
[Result "1-0"]
[WhiteElo "2542"]
[BlackElo "2454"]
[PlyCount "83"]
[EventDate "2016.??.??"]

1. d4 Nf6 2. c4 c5 3. d5 b5 4. cxb5 a6 5. e3 axb5 6. Bxb5 Qa5+ 7. Nc3 Bb7 8.
Bd2 Qb6 9. Nf3 Nxd5 10. Nxd5 Bxd5 11. a4 e6 12. Bc3 Be7 13. O-O O-O 14. Ne5 d6
15. Nc4 Bxc4 16. Qg4 g6 17. Qxc4 Nc6 18. Rfd1 d5 19. Qf4 Rad8 20. Rac1 f6 21.
e4 d4 22. Bd2 Ne5 23. Qg3 Kg7 24. Kh1 Nf7 25. b4 cxb4 26. Rc6 Qb8 27. Rxe6 Qxg3
28. hxg3 Bd6 29. f4 Rc8 30. Bd3 Rfd8 31. a5 b3 32. Rb1 Rb8 33. a6 Rdc8 34. e5
fxe5 35. fxe5 Ba3 36. a7 Ra8 37. Ra6 Bc5 38. Rxb3 Nxe5 39. Be4 Rxa7 40. Rxa7+
Bxa7 41. Rb7+ Kf6 42. Rxa7 1-0

[Event "BL 1617 SV Mülheim Nord - Werder Breme"]
[Site "?"]
[Date "2016.11.20"]
[Round "4.1"]
[White "McShane, Luke J"]
[Black "Navara, David"]
[Result "0-1"]
[WhiteElo "2655"]
[BlackElo "2725"]
[PlyCount "108"]
[EventDate "2016.??.??"]

1. e4 c5 2. Nf3 d6 3. Bc4 Nf6 4. d3 Nc6 5. Nbd2 Bg4 6. h3 Bh5 7. g4 Bg6 8. Qe2
e6 9. Bb5 Nd7 10. Bxc6 bxc6 11. Nf1 h5 12. g5 d5 13. Nh4 c4 14. Nxg6 cxd3 15.
cxd3 fxg6 16. Bd2 Be7 17. exd5 Nc5 18. Ne3 exd5 19. b4 Ne6 20. Nc2 Qd6 21.
O-O-O Kd7 22. h4 a5 23. d4 axb4 24. Bxb4 Qf4+ 25. Qe3 Rxa2 26. Bxe7 Kxe7 27.
Rd3 Rb8 28. Re1 Kd7 29. Rc3 Rbb2 30. Re2 Qf5 31. Rd2 Nf4 32. Rc5 Ng2 33. Qc3
Ne1 34. Qxb2 Rxb2 35. Kxb2 Nd3+ 36. Rxd3 Qxd3 37. Ra5 Qe4 38. Ra7+ Ke8 39. Rxg7
c5 40. f3 Qxh4 41. dxc5 Qxg5 42. Rg8+ Kf7 43. Rc8 Qf6+ 44. Kb1 Qxf3 45. c6 Qb3+
46. Kc1 Qc3 47. c7 Kg7 48. Kd1 h4 49. Na3 Qb3+ 50. Kd2 Qb7 51. Nb5 Qxc8 52. Nd6
Qxc7 53. Ne8+ Kf7 54. Nxc7 h3 0-1

[Event "BL 1617 SV Mülheim Nord - Werder Breme"]
[Site "?"]
[Date "2016.11.20"]
[Round "4.2"]
[White "Tregubov, Pavel V"]
[Black "Bluebaum, Matthias"]
[Result "1/2-1/2"]
[WhiteElo "2586"]
[BlackElo "2641"]
[PlyCount "129"]
[EventDate "2016.??.??"]

1. c4 e6 2. Nc3 d5 3. d4 c6 4. e4 dxe4 5. Nxe4 Bb4+ 6. Nc3 c5 7. a3 Ba5 8. Nf3
Nf6 9. Qd3 O-O 10. Be3 cxd4 11. Bxd4 Nc6 12. O-O-O Nxd4 13. Nxd4 Qe7 14. Be2
Rd8 15. Qe3 Bd7 16. Nb3 Bb6 17. c5 Bc7 18. Bf3 Bc6 19. Kb1 e5 20. Bxc6 bxc6 21.
Ne4 Nd5 22. Qf3 Qe6 23. g4 Rab8 24. Nc1 Rb7 25. Rhe1 Rdb8 26. Re2 a5 27. Ka1 f6
28. Rc2 Rb5 29. h4 a4 30. h5 h6 31. Qf5 Qe7 32. Ne2 Rb3 33. N2c3 Nxc3 34. Nxc3
Qxc5 35. Nxa4 Qa5 36. Qe6+ Kh7 37. Qxc6 Bd8 38. Nc3 Be7 39. Qa4 Qb6 40. Nd5 Qe6
41. Rc6 Qf7 42. Rc7 Rxb2 43. Qe4+ Kh8 44. Rxe7 R2b3 45. Rd2 Rxa3+ 46. Ra2 Rxa2+
47. Kxa2 Qg8 48. Qc4 Rd8 49. Nb6 Rd4 50. Qxg8+ Kxg8 51. f3 Kf8 52. Rc7 e4 53.
fxe4 Rxe4 54. Rc4 Rxc4 55. Nxc4 f5 56. gxf5 Ke7 57. Kb3 Kf6 58. Ne3 Kg5 59. Kc4
Kxh5 60. Kd5 Kg5 61. Ke5 h5 62. Nd1 Kg4 63. Nf2+ Kf3 64. Nh3 h4 65. f6 1/2-1/2

[Event "BL 1617 SV Mülheim Nord - Werder Breme"]
[Site "?"]
[Date "2016.11.20"]
[Round "4.3"]
[White "Hracek, Zbynek"]
[Black "Fridman, Daniel"]
[Result "1/2-1/2"]
[WhiteElo "2607"]
[BlackElo "2596"]
[PlyCount "114"]
[EventDate "2016.??.??"]

1. e4 e6 2. d4 d5 3. e5 c5 4. c3 Nc6 5. Nf3 Qb6 6. a3 Nh6 7. Bd3 cxd4 8. cxd4
Nf5 9. Bxf5 exf5 10. Nc3 Be6 11. O-O Be7 12. Na4 Qd8 13. b4 b6 14. Be3 Rc8 15.
Nb2 g5 16. Nd3 f4 17. Bc1 Qd7 18. Bb2 Nd8 19. Re1 Bf5 20. e6 Nxe6 21. Nfe5 Qb7
22. h4 g4 23. Nxg4 h5 24. Nge5 Be4 25. Rc1 Rxc1 26. Bxc1 Rg8 27. f3 Bxh4 28.
fxe4 Bxe1 29. Nxe1 dxe4 30. d5 Rg5 31. Bb2 Nf8 32. Qd4 f6 33. Nc6 Qd7 34. Qxe4+
Kf7 35. Qxf4 Rf5 36. Qe3 Rxd5 37. Nd4 Qe8 38. Qxe8+ Kxe8 39. Kf2 Kd7 40. Nef3
Ne6 41. Ne2 Ke7 42. Ke3 Rd8 43. Ng3 Rg8 44. Nxh5 Rxg2 45. Bxf6+ Kd6 46. Nd2 Kc6
47. a4 Rg4 48. Bc3 Rg5 49. b5+ Kb7 50. Nf4 Rg3+ 51. Kf2 Nxf4 52. Kxg3 Ne2+ 53.
Kf3 Nxc3 54. Ke3 Nxa4 55. Kd4 Nc5 56. Kd5 Kc7 57. Nf3 a6 1/2-1/2

[Event "BL 1617 SV Mülheim Nord - Werder Breme"]
[Site "?"]
[Date "2016.11.20"]
[Round "4.4"]
[White "Landa, Konstantin"]
[Black "Nyback, Tomi"]
[Result "1/2-1/2"]
[WhiteElo "2605"]
[BlackElo "2575"]
[PlyCount "76"]
[EventDate "2016.??.??"]

1. d4 d5 2. c4 c6 3. Nf3 Nf6 4. e3 Bg4 5. h3 Bh5 6. g4 Bg6 7. Ne5 e6 8. Nd2
Nfd7 9. Nxg6 hxg6 10. e4 Bb4 11. exd5 exd5 12. Qe2+ Kf8 13. Bg2 Nb6 14. c5 Nc4
15. O-O Bxd2 16. Bxd2 Nxd2 17. Qxd2 Na6 18. Rae1 Qd7 19. f4 f6 20. f5 g5 21.
Rf3 Kf7 22. Bf1 Rae8 23. Bxa6 bxa6 24. Rfe3 Rxe3 25. Rxe3 Re8 26. Qe2 Rxe3 27.
Qxe3 a5 28. b3 Qe7 29. Kf2 Qxe3+ 30. Kxe3 Ke7 31. Kd3 Kd7 32. Kd2 Kc7 33. Kd3
Kb7 34. Kc2 Ka6 35. Kc3 Kb5 36. a4+ Ka6 37. b4 axb4+ 38. Kxb4 Kb7 1/2-1/2

[Event "BL 1617 SV Mülheim Nord - Werder Breme"]
[Site "?"]
[Date "2016.11.20"]
[Round "4.5"]
[White "Babula, Vlastimil"]
[Black "Berelowitsch, Alexander"]
[Result "1/2-1/2"]
[WhiteElo "2548"]
[BlackElo "2527"]
[PlyCount "89"]
[EventDate "2016.??.??"]

1. d4 f5 2. g3 Nf6 3. Bg2 g6 4. b3 Bg7 5. Bb2 d6 6. Nf3 O-O 7. O-O Ne4 8. Nbd2
Nc6 9. Ne1 Ng5 10. f4 Nf7 11. Nc4 e6 12. e3 Bd7 13. a4 Rb8 14. Nd3 Ne7 15. Nd2
Bc6 16. Bxc6 Nxc6 17. c4 a5 18. Qc2 Re8 19. Rae1 d5 20. Rc1 Nd6 21. cxd5 exd5
22. Ne5 Nf7 23. Ndf3 Ncxe5 24. dxe5 c6 25. Ba3 Qd7 26. Qd2 Ra8 27. Nd4 Nd8 28.
Bd6 Ne6 29. b4 axb4 30. Qxb4 Nxd4 31. exd4 Bf8 32. Bxf8 Rxf8 33. Rfe1 Rfe8 34.
Rb1 Ra7 35. Qb6 Rxa4 36. Qxb7 Re7 37. Qb6 Qa7 38. Qxc6 Rxd4 39. Kh1 Rd2 40.
Red1 Rxd1+ 41. Rxd1 Rd7 42. Qe6+ Kg7 43. Qf6+ Kh6 44. e6 Qf2 45. exd7 1/2-1/2

[Event "BL 1617 SV Mülheim Nord - Werder Breme"]
[Site "?"]
[Date "2016.11.20"]
[Round "4.6"]
[White "Levin, Felix"]
[Black "Werle, Jan"]
[Result "1/2-1/2"]
[WhiteElo "2528"]
[BlackElo "2551"]
[PlyCount "113"]
[EventDate "2016.??.??"]

1. d4 Nf6 2. Nf3 e6 3. Bf4 d5 4. e3 Bd6 5. Nbd2 Bxf4 6. exf4 Qd6 7. g3 b6 8. c3
O-O 9. a4 c5 10. a5 cxd4 11. cxd4 bxa5 12. Rxa5 Nc6 13. Ra4 Rb8 14. b3 Ne4 15.
Nxe4 dxe4 16. Ne5 Rb4 17. Nxc6 Rxa4 18. bxa4 Qxc6 19. Bb5 Qd5 20. O-O Bb7 21.
Qe2 e3 22. f3 Qxd4 23. Re1 Qb4 24. Kf1 g6 25. Qxe3 a6 26. Be2 Qxa4 27. Qb6 Bd5
28. Qxa6 Qxa6 29. Bxa6 Bxf3 30. Rc1 h6 31. Kf2 Bd5 32. h4 Kg7 33. Rc8 Rxc8 34.
Bxc8 Kf6 35. Ba6 Kf5 36. Ke3 Kg4 37. Kf2 f6 38. Bd3 g5 39. hxg5 fxg5 40. fxg5
hxg5 41. Be2+ Kh3 42. Bd1 e5 43. Be2 Bc6 44. Bd1 e4 45. Be2 Bd7 46. Bf1+ Kh2
47. Be2 Bf5 48. Bd1 Kh3 49. Be2 Bg4 50. Bf1+ Kh2 51. Bc4 e3+ 52. Kxe3 Kxg3 53.
Bb3 Bf5 54. Bd1 Bg4 55. Bb3 Bf3 56. Be6 g4 57. Bxg4 1/2-1/2

[Event "BL 1617 SV Mülheim Nord - Werder Breme"]
[Site "?"]
[Date "2016.11.20"]
[Round "4.7"]
[White "Smerdon, David"]
[Black "Feygin, Michael"]
[Result "1/2-1/2"]
[WhiteElo "2533"]
[BlackElo "2473"]
[PlyCount "149"]
[EventDate "2016.??.??"]

1. e4 e6 2. d4 d5 3. Nd2 c5 4. Ngf3 Nc6 5. exd5 exd5 6. Bb5 Bd6 7. dxc5 Bxc5 8.
Nb3 Bd6 9. O-O Nge7 10. c3 Bg4 11. Bg5 O-O 12. Be2 Re8 13. Re1 h6 14. Bh4 Qd7
15. Bg3 Bxg3 16. hxg3 Nf5 17. Qd2 Rad8 18. Qf4 Re4 19. Nc5 Rxf4 20. Nxd7 Re4
21. Nc5 Re7 22. Bb5 Bxf3 23. gxf3 Ne5 24. Kg2 b6 25. Nb3 Kf8 26. Red1 g5 27.
Nd4 Nd6 28. Nc6 Nxc6 29. Bxc6 Nf5 30. Rd2 Re5 31. Rad1 Ne7 32. Ba4 Rc8 33. Rd4
Re2 34. R1d2 Rxd2 35. Rxd2 Rc5 36. Rd4 Nf5 37. Rd1 d4 38. cxd4 Rc4 39. Bb3 Rxd4
40. Rc1 Rd7 41. Ba4 Re7 42. Rc8+ Kg7 43. Rd8 Rc7 44. Bb3 Ne7 45. Rd4 Ng6 46.
Kh3 Re7 47. f4 gxf4 48. gxf4 Rc7 49. Kg4 Ne7 50. Rd6 Ng8 51. f5 Nf6+ 52. Kf4
Re7 53. Rc6 Re4+ 54. Kg3 Re7 55. Kf4 Re4+ 56. Kg3 Re7 57. Bc4 Rd7 58. f3 Re7
59. a4 Rd7 60. Kf4 Re7 61. b4 Nh5+ 62. Kg4 Nf6+ 63. Kf4 Nh5+ 64. Kg4 Nf6+ 65.
Kg3 Ne8 66. Kf4 Nf6 67. a5 Nh5+ 68. Kg4 Nf6+ 69. Kg3 bxa5 70. bxa5 Nh5+ 71. Kh4
Nf6 72. a6 Ne8 73. Kg4 Rc7 74. Rxc7 Nxc7 75. Kh5 1/2-1/2

[Event "BL 1617 SV Mülheim Nord - Werder Breme"]
[Site "?"]
[Date "2016.11.20"]
[Round "4.8"]
[White "Hausrath, Daniel"]
[Black "Markgraf, Rolf-Alexander"]
[Result "1/2-1/2"]
[WhiteElo "2484"]
[BlackElo "2523"]
[PlyCount "95"]
[EventDate "2016.??.??"]

1. d4 f5 2. g3 Nf6 3. Bg2 g6 4. c3 Bg7 5. Qb3 Nc6 6. Nd2 d5 7. Nh3 O-O 8. Nf4
e6 9. Nf3 Ne4 10. h4 Na5 11. Qc2 b6 12. Ng5 Qe7 13. g4 c6 14. gxf5 exf5 15. Nd3
c5 16. dxc5 bxc5 17. Nf4 Rd8 18. Qa4 Nb7 19. Kf1 Rd6 20. Be3 Bd7 21. Qa3 Bc6
22. Rh3 a5 23. Nxe4 dxe4 24. Qb3+ Qf7 25. Qc2 Rad8 26. Kg1 Be5 27. Kh1 a4 28.
b3 Qd7 29. Rg1 Rd1 30. Qb2 Rxg1+ 31. Kxg1 Qd6 32. Qc1 Qd1+ 33. Bf1 Qxc1 34.
Bxc1 Rd1 35. Be3 a3 36. Ne6 Bd6 37. h5 Bd5 38. hxg6 Bxe6 39. Rxh7 Na5 40. Bg5
Be5 41. Re7 Rd6 42. e3 Bd7 43. Rxe5 Rxg6 44. Rxc5 Rxg5+ 45. Kh2 Rh5+ 46. Kg1
Rg5+ 47. Kh2 Rh5+ 48. Kg1 1/2-1/2

[Event "BL 1617 SV Hockenheim - DJK Aachen"]
[Site "?"]
[Date "2016.11.20"]
[Round "4.1"]
[White "van Foreest, Jorden"]
[Black "Buhmann, Rainer"]
[Result "1/2-1/2"]
[WhiteElo "2614"]
[BlackElo "2625"]
[PlyCount "51"]
[EventDate "2016.??.??"]

1. d4 d5 2. Bf4 c5 3. e3 Nc6 4. Nf3 Bg4 5. c3 e6 6. Qb3 Qd7 7. dxc5 Bxf3 8.
gxf3 Bxc5 9. Nd2 Nge7 10. O-O-O Bd6 11. Bg3 O-O-O 12. Ne4 Bxg3 13. hxg3 Qc7 14.
Nc5 Qb6 15. Qxb6 axb6 16. Nb3 Kc7 17. Bd3 h6 18. f4 Nc8 19. Nd4 Nxd4 20. exd4
Nd6 21. Rde1 Kd7 22. f5 Nxf5 23. Bxf5 exf5 24. Re5 Kd6 25. Rxf5 f6 26. Kd2
1/2-1/2